Statystyki dla Rankingi 10 najbogatszych państw wszystkich kontynentów (PKB na osobę)

Kliknij tutaj aby rozwiązać quiz!

Ogólne statystyki

  • Ten quiz został rozwiązany 5 267 razy
  • Średni wynik to 29 z 60

Statystyki odpowiedzi

KontynentLp.PaństwoPKB/osobę% Poprawnych
9.Niemcy46,9 tys.
90%
Ameryka Płn.1.Stany Zjednoczone56,0 tys.
87%
10.Japonia38,1 tys.
86%
2.Kanada45,6 tys.
81%
6.Brazylia15,6 tys.
78%
8.Meksyk18,4 tys.
77%
2.Norwegia68,6 tys.
77%
7.Szwecja48,1 tys.
76%
Oceania1.Australia47,6 tys.
75%
3.Argentyna20,4 tys.
74%
5.Szwajcaria58,6 tys.
73%
Ameryka Płd.1.Chile23,5 tys.
70%
9.Egipt11,8 tys.
70%
Europa1.Luksemburg99,5 tys.
68%
2.Nowa Zelandia36,1 tys.
67%
8.Południowa Afryka13,2 tys.
66%
7.Kolumbia13,8 tys.
65%
6.Arabia Saudyjska53,8 tys.
64%
6.Holandia49,6 tys.
63%
8.Peru12,5 tys.
63%
10.Dania45,7 tys.
62%
2.Urugwaj21,3 tys.
62%
Azja1.Katar132,8 tys.
60%
4.Wenezuela16,7 tys.
59%
8.Austria46,9 tys.
57%
10.Paragwaj9,0 tys.
57%
5.Z. E. Arabskie67,2 tys.
53%
7.Panama21,8 tys.
52%
2.Singapur85,3 tys.
52%
9.Ekwador11,3 tys.
50%
3.Irlandia65,8 tys.
50%
7.Algieria14,5 tys.
45%
4.Kuwejt70,5 tys.
44%
4.San Marino62,9 tys.
42%
10.Kostaryka15,4 tys.
41%
9.Oman43,7 tys.
41%
5.Surinam16,2 tys.
40%
10.Tunezja11,4 tys.
40%
6.Libia14,6 tys.
36%
7.Bahrajn49,6 tys.
34%
4.Fidżi9,0 tys.
33%
8.Tajwan46,8 tys.
32%
7.Papua-Nowa Gwinea3,4 tys.
31%
4.Bahamy24,5 tys.
30%
3.Brunei79,5 tys.
25%
10.Mikronezja2,9 tys.
25%
9.Wyspy Marshalla3,1 tys.
24%
3.Palau15,2 tys.
23%
2.Seszele26,6 tys.
22%
3.Trynidad i Tobago32,5 tys.
22%
8.Tuvalu3,4 tys.
22%
9.Barbados15,6 tys.
21%
5.Samoa5,1 tys.
20%
6.Tonga5,1 tys.
19%
6.Antigua i Barbuda23,5 tys.
17%
5.Botswana16,4 tys.
16%
Afryka1.Gwinea Równikowa43,5 tys.
16%
4.Gabon18,6 tys.
15%
3.Mauritius19,5 tys.
15%
5.Saint Kitts i Nevis24,4 tys.
15%

Rozkład punktacji

Percentyl według liczby udzielonych odpowiedzi

Procent ludzi z każdym wynikiem

Twoja historia wyników

Nie rozwiązałeś tego quizu